| 000 | 00774cab a2200205 4500 | ||
|---|---|---|---|
| 001 | ##L134740 | ||
| 008 | 060830n2006 000 0 eng u | ||
| 035 | _a(Sirsi) u134740 | ||
| 041 | 0 | _aeng | |
| 100 | 1 | _aGreig-Smith, Heather | |
| 245 | 0 | 0 |
_aLondon boroughs north _bregional |
| 260 | _c2006 | ||
| 490 | 0 |
_aProperty Week _v71(34) 25 August 2006, 65-73(6) |
|
| 520 | _aExamines various aspects of the property market in north London, including the impact of the 2012 Olympics on the industrial sector, the redevelopment of Oriental City in Colindale and Lee Valley Estates' plans for Hale Village. | ||
| 590 | _aIKA300806 | ||
| 651 | 4 | _aNORTH LONDON | |
| 690 | _aPROPERTY-COMMERCIAL PROPERTY-COMMERCIAL PROPERTY MARKET | ||
| 700 | 1 | _aHipwell, Deirdre | |
| 942 | _n0 | ||
| 999 |
_c77631 _d77631 |
||